Pensadores rusos
Salvato in:
| Autore principale: | |
|---|---|
| Natura: | Libro |
| Lingua: | spagnolo |
| Pubblicazione: |
Ciudad de México
Fondo de Cultura Económica
1979
|
| Edizione: | 1a. ed |
| Serie: | Breviarios del Fondo de Cultura Económica, 287
|
| Soggetti: | |
| Tags: |
Aggiungi Tag
Nessun Tag, puoi essere il primo ad aggiungerne!!
|
MARC
| LEADER | 00000nam a2200000 a 4500 | ||
|---|---|---|---|
| 001 | UCO1669 | ||
| 003 | CL-VaPUC | ||
| 008 | 000519e19790000MX |||||||||||||||||spa|d | ||
| 020 | |a 9681603699 | ||
| 082 | 0 | 4 | |a 320.531 |b BER |2 21 |
| 100 | |a Berlin, Isaiah |e author |9 581668 | ||
| 245 | 1 | 0 | |a Pensadores rusos |
| 250 | |a 1a. ed | ||
| 300 | |a 557 p | ||
| 942 | |c BK | ||
| 945 | |d 20000519 00:00:00 |a rherrera | ||
| 260 | |a Ciudad de México |b Fondo de Cultura Económica |c 1979 | ||
| 650 | 7 | |a FILOSOFIA POLITICA |2 CL-VaPUC |9 444077 | |
| 650 | 7 | |a PENSADORES RUSOS |2 CL-VaPUC |9 444078 | |
| 650 | 0 | |a Socialismo |9 255260 | |
| 651 | 0 | |a Rusia |9 256106 | |
| 583 | |a last modification |c 20160913 04:02:59 |k Rodrigo Vera | ||
| 490 | 0 | |a Breviarios del Fondo de Cultura Económica, 287 | |
| 999 | |c 288273 |d 288271 | ||
| 952 | |0 0 |1 0 |4 0 |6 320_531000000000000_BER_1979 |7 0 |8 A |9 335852 |a BIBHIS |b BIBHIS |d 2019-11-20 |i 1282298 |o 320.531 BER 1979 |p 1282298 |r 2025-01-20 |w 2019-11-20 |y BK |k HIS | ||